Cyclisme : les champions belges à travers l'histoire (par image) - Statistiques

Statistiques générales
  • Ce quiz a été pris 55 fois
  • Le résultat moyen est 10 sur 24
Statistiques - réponses
Par images Réponse % Correct
Eddy Merckx
96%
Philippe Gilbert
96%
Remco Evenepoel
96%
Tom Boonen
89%
Wout van Aert
80%
Greg Van Avermaet
74%
Rik Van Looy
59%
Roger De Vlaeminck
54%
Sven Nys
50%
Sylvère Maes
43%
Philippe Thys
41%
Claude Criquielion
39%
Rik Van Steenbergen
39%
Freddy Maertens
37%
Walter Godefroot
30%
Jean-Pierre Monseré
20%
Eric Vanderaerden
15%
Herman Vanspringel
15%
Briek Schotte
11%
Frans Verbeeck
7%
Marcel Kint
7%
Fred De Bruyne
4%
Georges Ronsse
4%
Cyrille Van Hauwaert
2%
Aucun quiz correspondant
Distribution des résultats
% des personnes avec chaque résultat
Percentile par nombre de réponses
Votre historique - résultats
Vous n’avez pas pris ce quiz